| 000 | 01450nam a2200361 i 4500 | ||
|---|---|---|---|
| 001 | 768714001 | ||
| 003 | CO-MdFUSB | ||
| 005 | 20260317154720.0 | ||
| 007 | ta | ||
| 008 | 241114t1997 -usboa|| |||| 001 0 spa d | ||
| 020 | _a 0-311-15045-4 | ||
| 040 |
_bspa. _aCO-MdFUSB _cCO-MdFUSB _dCO-MdFUSBC _erda |
||
| 041 |
_aspa _heng |
||
| 082 |
_223 _a220.9 _bAT881 |
||
| 240 | _aAtlas of the Bible and the History of Christianity. | ||
| 245 |
_aAtlas de la Biblia y de la historia del cristianismo _c/ editado por Tim Dowley ; traducido por Edgar Morales |
||
| 250 | _aSegunda edición | ||
| 264 | 1 |
_aEl Paso, Texas, Estados Unidos de América : _bMundo Hispano, _c[2006] |
|
| 264 | 4 | _c©1997 | |
| 300 |
_a160 páginas _b: mapas, fotografías e ilustraciones a color _c; 30 cm |
||
| 336 |
_2rdacontent _atexto _btxt |
||
| 337 |
_2rdamedia _asin mediación _bn |
||
| 338 |
_2rdacarrier _avolumen _bnc |
||
| 500 | _aIncluye índice de mapas, fotografías e ilustraciones a color | ||
| 505 | _aLa geografía de Palestina. -- El clima, la vegetación y la economía de Palestina. -- Periodo del Antiguo Testamento. -- Periodo del Nuevo Testamento. -- La iglesia primitiva. -- La iglesia moderna. | ||
| 563 | _aPasta dura | ||
| 650 | 0 |
_aBiblia _916 |
|
| 650 | 0 |
_aGeografía eclesiástica _91007 |
|
| 700 |
_aDowley, Tim, _97400 _eeditor |
||
| 700 |
_aMorales, Edgar, _911085 _etraductor |
||
| 942 | _cBK | ||
| 945 | _aCatherine Arias Alvarez | ||
| 999 |
_c71194 _d71194 |
||